| 000 | 00447nam a2200121Ia 4500 | ||
|---|---|---|---|
| 008 | 220620s9999||||xx |||||||||||||| ||und|| | ||
| 100 | _aMargarita Stoytcheva||Roumen Zlatev | ||
| 245 | 0 | _aApplications of the Voltammetry | |
| 546 | _aEnglish[eng] | ||
| 650 | _aPhysical Sciences||Engineering and Technology||Chemistry||Analytical Chemistry||Wet Chemistry | ||
| 856 | _uhttps://www.intechopen.com/books/applications-of-the-voltammetry | ||
| 942 | _cEB | ||
| 999 |
_c24841 _d24841 |
||